Statistics for Least Popular Duolingo Languages

Click here to take the quiz!

General Stats

  • This quiz has been taken 23 times
  • The average score is 4 of 10

Answer Stats

HintAnswer% Correct
298kKlingon
62%
477kSwahili
62%
498kHaitian Creole
38%
453kHungarian
38%
580kWelsh
38%
251kYiddish
38%
297kZulu
38%
312kEsperanto
31%
274kNavajo
31%
461kScottish Gaelic
23%

Score Distribution

Percentile by Number Answered

Percent of People with Each Score

Your Score History

You have not taken this quiz